|
|
|
|
| LEADER |
00000nas a2200000 a 4500 |
| 001 |
ssj0006119 |
| 003 |
WaSeSS |
| 005 |
20200512172242.0 |
| 006 |
m d |
| 007 |
cr n |
| 008 |
001016c19929999enkqx pss 0 a0eng c |
| 010 |
|
|
|a 00252544
|
| 015 |
|
|
|a GBB3A4822
|2 bnb
|
| 016 |
7 |
|
|a 012432700
|2 Uk
|
| 022 |
|
|
|a 1758-6100
|y 0965-3562
|
| 035 |
|
|
|a (WaSeSS)ssj0006119
|
| 037 |
|
|
|b Emerald Group Limited, 60/62 Toller Lane, Bradford BD8 9BY, England
|
| 040 |
|
|
|a WAU
|b eng
|e pn
|c WAU
|d TJC
|d OCLCQ
|d IUL
|d OCLCQ
|d CNU
|d F#A
|d VRC
|d OCLCQ
|d DLC
|d OCLCF
|d OCLCO
|d OCLCQ
|d DLC
|d NLE
|d QGQ
|d UKMGB
|d VT2
|d WaSeSS
|
| 042 |
|
|
|a pcc
|
| 050 |
0 |
0 |
|a HV551.2
|
| 082 |
0 |
4 |
|a 363.34
|
| 130 |
0 |
|
|a Disaster prevention and management (Online)
|
| 245 |
1 |
0 |
|a Disaster prevention and management
|h [electronic resource].
|
| 260 |
|
|
|a Bradford, England :
|b Emerald Group Pub.,
|c 1992-
|
| 310 |
|
|
|a Five issues a year,
|b 1995-
|
| 321 |
|
|
|a Four issues a year,
|b 1994
|
| 321 |
|
|
|a Three issues a year,
|b 1992-1993
|
| 362 |
1 |
|
|a Began with Vol. 1, issue 1 (1992).
|
| 500 |
|
|
|a "An international journal."
|
| 500 |
|
|
|a Abstracts for 1992- also available online.
|
| 506 |
|
|
|a License restrictions may limit access.
|
| 538 |
|
|
|a Mode of access: World Wide Web.
|
| 550 |
|
|
|a Published in association with the Disaster Prevention and Limitation Unit, University of Bradford.
|
| 588 |
|
|
|a Description based on: Vol. 1, issue 1 (1992); title from issue table of contents (Emerald, viewed Aug. 26, 2004).
|
| 588 |
|
|
|a Latest issue consulted: Vol. 25, issue 5 (2016) (Emerald Insight website, viewed Nov. 25, 2016).
|
| 650 |
|
0 |
|a Emergency management
|v Periodicals.
|
| 650 |
|
0 |
|a Disaster relief
|v Periodicals.
|
| 650 |
|
7 |
|a Disaster relief.
|2 fast
|0 (OCoLC)fst00894731
|
| 650 |
|
7 |
|a Emergency management.
|2 fast
|0 (OCoLC)fst00908500
|
| 655 |
|
0 |
|a Electronic journals.
|
| 710 |
2 |
|
|a University of Bradford.
|b Disaster Prevention and Limitation Unit.
|
| 776 |
0 |
8 |
|i Also issued in print:
|t Disaster prevention and management
|x 0965-3562
|w (DLC) 93646079
|w (OCoLC)26514725
|
| 850 |
|
|
|a DLC
|
| 853 |
2 |
0 |
|8 1
|a v.
|b no.
|u 4
|v r
|i (year)
|w 4
|
| 856 |
4 |
0 |
|z Full text available from Research Library: 01/01/1995 to 1 year ago
|u https://search.proquest.com/publication/25917
|
| 863 |
4 |
1 |
|8 1.1
|a 11
|b 1
|i 2002
|